| 000 | 00908nam 22002413 4500 | ||
|---|---|---|---|
| 001 | 202003 | ||
| 010 | _a978-972-20-5601-4 | ||
| 021 | _b415 954/16 | ||
| 090 | _a202003 | ||
| 100 | _a20260430d u||y0pory50 ba | ||
| 200 |
_aAs Naus de Verde Pinho _dViagem de Bartolomeu Dias Contada à minha filha Joana _fManuel Alegre _gilustrações de Afonso Alegre Duarte _ePrémio de Literatura Infantil António Botto |
||
| 205 | _a20ª | ||
| 210 |
_aAlfragide _cPublicações Dom Quixote _d2023 |
||
| 215 |
_a[8], 8, [3] p. _ccartonado _d21cm |
||
| 300 | _aLER+ - Plano Nacional de Leitura Leitura Obrigatória Metas de Português 6º Ano | ||
| 606 |
_92285 _aLiteratura Infantil e Juvenil Portuguesa |
||
| 610 | _aPoesia | ||
| 675 |
_a821.134.3-93-1 _vPT _zpor |
||
| 700 |
_91055 _aAlegre _bManuel _f1936- |
||
| 702 |
_94807 _aDuarte _bAfonso Alegre _f1976- |
||
| 801 |
_aPT _bBMMN _gRPC |
||
| 830 | _cAna Caetano | ||
| 990 | _cLIVROS | ||